000 01056nam a2200229Ia 4500
999 _c38064
_d38064
001 4050
003 GE_BSU
005 20190923112856.0
008 181216s1974||||ge |||||||||||||| ||geo||
040 _cGE_BSU
041 _ageo
080 _a39(479.223) დ-15
100 _aდავითაძე, ალ.
_94215
245 _aქართული მატერიალური კულტურის ისტორიიდან :
_bხის დამუშავება და გამოყენება აჭარის ეთნოგრაფიული მასალების მიხედვით /
_cალექსანდრე დავითაძე.
264 _aთბ. :
_bსაბჭ. აჭარა,
_c1974.
300 _a95 გვ.:
_bტაბ. ;
_c22 სმ.
520 _aრეზ. რუს. ენ..
541 _h2ლ.
653 _aხის დამუშავება აჭარაში;
653 _aაჭარლების ეთნოგრაფია.
942 _cBK
_2udc